000
00339 a2200157 4500
001
186378
020
_a
978-85-262-8242-1
040
_c
Magnum
100
_a
Tulchinski, LĂșcia
240
1
0
_a
Viagens de Gulliver
_l
por
245
1
0
_a
Viagens de Gulliver
300
_a
48
362
0
_a
2011
697
_a
LITERATURA INFANTO
942
_c
BK
999
_c
186378
_d
186378